000 00663nam a22001817a 4500
999 _c57560
_d57560
005 20221107172705.0
008 200731s2018 enk||||| |||| 00| 0 enk d
020 _a9781903128503 X
080 _a811.111.1 E-93
100 _aEvans, Virginia
_93157
245 _aSuccessful Writing: Intermediate /
_c Virginia Evans.
264 _aNewbury :
_bExpress Publishing,
_c2018.
300 _a151 p.
_b30 cm.
_cill.
653 _aინგლისური ენა
653 _aგრამატიკა
856 _ufile:///D:/Documents/Desktop/Successful%20writing_%20upper-intermediate%20(%20PDFDrive%20)
_ypdf. ელ. ვერსია
942 _2udc
_cBK